| 000 | 00611nam a2200253Ia 4500 | ||
|---|---|---|---|
| 008 | 181129s9999 xx 000 0 und d | ||
| 020 | _a9780590681179 | ||
| 050 | _bB562 1998 | ||
| 100 | _aBetancourt, Jeanne | ||
| 245 | 0 | _aTen true animal recues / | |
| 245 | 0 | _cby Jeanne Betacourt. | |
| 260 | _aNew York, NY : | ||
| 260 | _bScholastic, | ||
| 260 | _c1998 | ||
| 300 | _a66 pages : | ||
| 300 | _billustrations ; | ||
| 300 | _c19cm. | ||
| 440 | _aLittle apple. | ||
| 500 | _a730L | ||
| 650 | _aAnimal heroe. | ||
| 650 | _aHuma-animal relationships. | ||
| 700 | _aSeries. | ||
| 700 | _aTitle. | ||
| 999 |
_c360067 _d360067 |
||